Saltar al contenido
Inicio
Centros participantes
Catálogo
Servicios
Contacto
כניסה לחשבון
English
Deutsch
Español
Français
Italiano
日本語
Nederlands
Português
Português (Brasil)
中文(简体)
中文(繁體)
Türkçe
עברית
Gaeilge
Cymraeg
Ελληνικά
Català
Euskara
Русский
Čeština
Suomi
Svenska
polski
Dansk
slovenščina
اللغة العربية
বাংলা
Galego
Tiếng Việt
Hrvatski
हिंदी
Հայերէն
Українська
Sámegiella
שפה
כל השדות
כותר
מחבר
נושא
סימן המיקום
ISBN/ISSN
תג
מצא
מתקדם
Invertir en la seguridad alime...
יצירת מראה מקום
שלח את זה
הדפסה
יצוא רשומה
יצוא אל RefWorks
יצוא אל EndNoteWeb
יצוא אל EndNote
הוספה למועדפים
Enlace Permanente
Agregar primera valuación
Invertir en la seguridad alimentaria. Investir dans la sécurité alimentaire. Investing in food security
שמור ב:
מידע ביבליוגרפי
מחבר תאגידי:
FAO
פורמט:
Texto
יצא לאור:
Roma:
FAO
תגים:
הוספת תג
אין תגיות, היה/י הראשונ/ה לתייג את הרשומה!
מלאי ספרים
תיאור
הערות
פריטים דומים
תצוגת צוות
MARC
LEADER
00000 a a2200000 04500
001
24055
003
040
090
|a
170700
110
|a
FAO
245
|a
Invertir en la seguridad alimentaria. Investir dans la sécurité alimentaire. Investing in food security
260
|a
Roma:
|b
FAO
300
|a
16 p.
999
|c
11745
|d
11745
פריטים דומים
La universidad y la salud de la población en República Dominicana /
Segundo Plan para la Integración Regional de la Educación Superior Centroamericana PIRESC II: marco conceptual
Acuerdo general sobre aranceles aduaneros y comercio. Ley de recuperación económica de los países de la Cuenca del Caribe
Las Mujeres productoras de alimentos en Costa Rica: diagnóstico y políticas /
מאת: Martín Salazar, Ligia
Memoria del IV Congreso Universitario Centroamericano